Sports Quiz

Random Sports or MLB Quiz

Baseball's Hair-itage Quiz Stats

 Plays Quiz Updated Jun 28, 2013

Score 0/25 Timer 05:00
0 Plays Today
Player % Correct
Albert Pujols
87.4%
Prince Fielder
83.2%
Tim Lincecum
82.2%
Rollie Fingers
77.8%
Brian Wilson
76.9%
Reggie Jackson
76.5%
Randy Johnson
71.6%
Ozzie Smith
66.3%
Mike Schmidt
66.2%
Dennis Eckersley
66%
Josh Hamilton
55%
Jeff Bagwell
53.8%
Robin Yount
53%
Player % Correct
Ichiro Suzuki
51.1%
Don Mattingly
49.7%
Willie Stargell
46.7%
Kirby Puckett
45.5%
Goose Gossage
41.8%
Bryce Harper
34.2%
Keith Hernandez
30.3%
Tony Gwynn
28.6%
Coco Crisp
28%
Matt Kemp
27.7%
Kirk Gibson
23.5%
Andre Dawson
15.2%

You're not logged in!

Compare scores with friends on all Sporcle quizzes.
OR
Log In

Show Comments

Extras

Top Quizzes Today


Score Distribution

Your Account Isn't Verified!

In order to create a playlist on Sporcle, you need to verify the email address you used during registration. Go to your Sporcle Settings to finish the process.

Report this User

Report this user for behavior that violates our Community Guidelines.

Details: